<?xml version="1.0" encoding="UTF-8"?>
<record
    xmlns:xsi="http://www.w3.org/2001/XMLSchema-instance"
    xsi:schemaLocation="http://www.loc.gov/MARC21/slim http://www.loc.gov/standards/marcxml/schema/MARC21slim.xsd"
    xmlns="http://www.loc.gov/MARC21/slim">

  <leader>00659nam a2200181 i 4500</leader>
  <controlfield tag="001">72362</controlfield>
  <controlfield tag="003">ES-MaACL</controlfield>
  <controlfield tag="005">20250813234823.0</controlfield>
  <controlfield tag="007">t|</controlfield>
  <controlfield tag="008">040831s1922    sp           |||| | spa d</controlfield>
  <datafield tag="100" ind1="1" ind2=" ">
    <subfield code="a">Giral, Jos&#xE9;,</subfield>
    <subfield code="d">1879-1962</subfield>
    <subfield code="9">57181</subfield>
  </datafield>
  <datafield tag="245" ind1="1" ind2="0">
    <subfield code="a">Alimentaci&#xF3;n y oceanograf&#xED;a </subfield>
    <subfield code="b">: conferencia dada en San Sebasti&#xE1;n... con motivo de las fiestas de Juan Sebasti&#xE1;n del Cano, en septiembre de 1922 / </subfield>
    <subfield code="c">Jos&#xE9; Giral.</subfield>
  </datafield>
  <datafield tag="260" ind1=" " ind2=" ">
    <subfield code="a">[San Sebasti&#xE1;n : </subfield>
    <subfield code="b">Sociedad Oceanogr&#xE1;fica de Guip&#xFA;zcoa], </subfield>
    <subfield code="c">1922 (</subfield>
    <subfield code="f">Tip. Baroja)</subfield>
  </datafield>
  <datafield tag="300" ind1=" " ind2=" ">
    <subfield code="a">19 p. ; </subfield>
    <subfield code="c">24 cm.</subfield>
  </datafield>
  <datafield tag="650" ind1="0" ind2="7">
    <subfield code="a">Alimentos</subfield>
    <subfield code="2">embne</subfield>
    <subfield code="9">9730</subfield>
  </datafield>
  <datafield tag="852" ind1=" " ind2=" ">
    <subfield code="a">ES-MaACL</subfield>
    <subfield code="j">1664-F-14</subfield>
  </datafield>
  <datafield tag="999" ind1=" " ind2=" ">
    <subfield code="c">72362</subfield>
    <subfield code="d">72362</subfield>
  </datafield>
  <datafield tag="952" ind1=" " ind2=" ">
    <subfield code="0">0</subfield>
    <subfield code="1">0</subfield>
    <subfield code="4">0</subfield>
    <subfield code="7">0</subfield>
    <subfield code="8">Colecci&#xF3;n_de_folletos</subfield>
    <subfield code="a">ATENEOM</subfield>
    <subfield code="b">ATENEOM</subfield>
    <subfield code="c">DEPOF</subfield>
    <subfield code="d">2008-01-17</subfield>
    <subfield code="e">SC</subfield>
    <subfield code="l">0</subfield>
    <subfield code="o">1664-F-14</subfield>
    <subfield code="p">1075757</subfield>
    <subfield code="r">2023-02-23 00:00:00</subfield>
    <subfield code="w">2023-02-23</subfield>
    <subfield code="y">FOLLETOS</subfield>
  </datafield>
</record>
